Países que más finales de mundial han jugado - Estadísticas

Estadísticas generales
  • Esta prueba ha sido intentada 53 veces
  • La puntuación promedio es 12 de 14
Estadísticas de respuestas
Finales País % Correcto
2 Alemania
100%
6 Argentina
100%
7 Brasil
100%
6 Italia
100%
4 Francia
98%
1 España
96%
3 Países Bajos
94%
2 Uruguay
94%
1 Inglaterra
92%
2 Hungría
82%
1 Suecia
78%
1 Croacia
70%
2 Checoslovaquia
62%
6 Alemania Federal
48%
No se encontraron pruebas coincidentes
Distribución de puntuación
Porcentaje de gente con cada puntuación
Porcentaje por número respondido
Historial de tus puntuaciones
No has intentado esta prueba.